00386pab a2200145 454500008004000000100001800040245004900058260000900107300001200116362001200128650003400140650002800174650001100202773002700213180718b1995 xxu||||| |||| 00| 0 eng d aPathy, Suguna aSocial production among the Khonds of Orissa c1995 ap.53-64 aJan-Mar aAnthropology - India - Orissa aTribes - India - Orissa aTribes aEastern Anthropologist